000 00776nam a2200157Ia 4500
001 8660
003 GE_BSU
008 181216s||||||||xx |||||||||||||| ||und||
040 _cGE_BSU
245 _aაუდიტი. აღრიცხვა. ფინანსები :№10(166).2013.
245 _bყოველთვიური ჟურნალი მეწარმეებისა და ფინანსისტებისათვის.
245 _cგენ.დირ.ფრიდონ ალშიბაია,მთავარი რედაქტორი: გიორგი ცერცვაძე.
653 _aაუდიტი. აღრიცხვა. ფინანსები
653 _aპერიოდიკა
942 _cCR
999 _c41976
_d41976